Online
Catalog

Jardines de psiquis : cantos de juventud tríptico bíblico y otros poemas. (Record no. 9086)

MARC details
000 -CABECERA
campo de control de longitud fija 00305nam a2200109 a 4500
001 - NÚMERO DE CONTROL
campo de control 000009326
005 - FECHA Y HORA DE LA ÚLTIMA TRANSACCIÓN
campo de control 20200929161545.0
008 - DATOS DE LONGITUD FIJA--INFORMACIÓN GENERAL
campo de control de longitud fija 090929s1926 000 spa d
040 ## - FUENTE DE LA CATALOGACIÓN
Centro catalogador/agencia de origen DO-SdBNP
245 #0 - MENCIÓN DE TÍTULO
Título Jardines de psiquis : cantos de juventud tríptico bíblico y otros poemas.
260 ## - PUBLICACIÓN, DISTRIBUCIÓN, ETC.
Lugar de publicación, distribución, etc. París,
Fecha de publicación, distribución, etc. 1926.
Holdings
Estado de retiro Estado de pérdida Restricciones de uso No para préstamo Código de colección Localización permanente Ubicación/localización actual Ubicación en estantería Fecha de adquisición Número de inventario Total de préstamos Signatura topográfica completa Código de barras Fecha visto por última vez Precio válido a partir de Tipo de ítem Koha
        Monografías: Libros y Folletos General General Orden iniciada 29.09.2009 LF1   9326-10 25.06.2020 25.06.2020 No se presta

Powered by Koha